| 000 | 00663cam a2200145 4500500 | ||
|---|---|---|---|
| 005 | 20251228082901.0 | ||
| 041 | _afre | ||
| 042 | _adc | ||
| 100 | 1 | 0 |
_aStiker-Métral, C _eauthor |
| 245 | 0 | 0 | _aÉloquence et vérité intérieure, sous la direction de Carole Dornier et Jürgen Siess, Paris, Honoré Champion, « Colloques, congrès et conférences sur le XVIIIe siècle », no 3, 2002. Un vol. 15,5 × 22 cm de 238 p. |
| 260 | _c2005. | ||
| 500 | _a12 | ||
| 786 | 0 | _nDix-septième siècle | 226 | 1 | 2005-03-01 | p. 165d-186d | 0012-4273 | |
| 856 | 4 | 1 | _uhttps://shs.cairn.info/revue-dix-septieme-siecle-2005-1-page-165d?lang=fr&redirect-ssocas=7080 |
| 999 |
_c1599972 _d1599972 |
||